00332nam a2200109Ia 4500008004100000082000800041100001400049245004300063942000600106952009500112999001500207240331s9999 xx 000 0 und d bARC aArcher, J 0aCat O' Nine Tales :bAnd Other Stories cL 001040708LaWERCLbWERCLcSSCd2024-03-31l0o 823 ARCp6650r2024-03-31w2024-03-31yL c5714d5714